|
|
|
|
| LEADER |
00000nab a2200000 a 4500 |
| 001 |
vtls000040742 |
| 003 |
SK-MaSNL |
| 005 |
20260303165852.0 |
| 008 |
111103c1979 xo 0 slo |
| 015 |
|
|
|a SNBRB19rr/mm-uuuuu
|
| 035 |
|
|
|a CL0050837
|
| 040 |
|
|
|a SNKBUCL
|b slo
|c SNKBUCL
|e AACR2
|
| 041 |
0 |
|
|a slo
|
| 044 |
|
|
|a xo
|c SK
|
| 080 |
|
|
|a 730
|2 1981
|
| 100 |
1 |
|
|a Hrnčirík, Ladislav
|4 aut
|9 5067
|
| 245 |
1 |
0 |
|a Ostrovná tradícia
|b Socha piešťanských parkov v XII. ročníku
|c Ladislav Hrnčirík
|
| 300 |
|
|
|b Obr. 1.
|
| 611 |
2 |
7 |
|a Socha piešťanských parkov
|n (12. :
|d 1979 :
|c Piešťany, Slovensko)
|2 snkbucl
|9 1192543
|
| 650 |
0 |
7 |
|a sochárstvo
|2 snkbucl
|9 1038
|
| 650 |
0 |
7 |
|a výstavy
|2 snkbucl
|9 2780
|
| 651 |
|
7 |
|a Piešťany (Slovensko)
|2 snkbucl
|9 23981
|
| 655 |
|
7 |
|a články z novín a časopisov
|2 snkbucl
|9 267496
|
| 773 |
0 |
|
|t Nové slovo
|g Roč. 21, č. 36 (6. 9. 1979), s. 17
|
| 850 |
|
|
|a Slovenská národná knižnica v Martine
|a MTA001
|
| 852 |
|
|
|a SNK
|b KIS3GCP
|
| 958 |
|
|
|a RK
|
| 992 |
|
|
|a RBX
|
| 999 |
|
|
|c 2074113
|d 2076043
|